[Event "DVM U10 2016"]
[Site "Magdeburg GER"]
[Date "2016.12.27"]
[Round "1"]
[White "Bergmann, Lennart"]
[Black "Beyer, Lorenz"]
[Result "0-1"]
[Termination "normal"]
[Board "4.4"]
[WhiteElo "890"]
[BlackElo "993"]
[WhiteClock "00:49:02"]
[BlackClock "00:53:03"]
[WhiteTeam "VSG 1880 Offenbach"]
[BlackTeam "SC Eintracht Berlin"]
[PlyCount "64"]
[WhiteFideId "16270657"]
[BlackFideId "16245393"]
[EventCountry "GER"]
[EventRounds "7"]
[EventType "team-swiss"]
[EventDate "2016.12.27"]

1. e4 {[%clk 0:59:58]} e5 {[%clk 0:59:46]} 2. Nf3 {[%clk 0:59:54]} Nc6 {[%clk
0:59:38]} 3. Bb5 {[%clk 0:59:41]} Nge7 {[%clk 0:59:18]} 4. Nc3 {[%clk 0:59:19]}
d6 {[%clk 0:59:04]} 5. Nd5 {[%clk 0:59:11]} Bd7 {[%clk 0:58:52]} 6. Nxe7 {[%clk
0:58:32]} Bxe7 {[%clk 0:58:43]} 7. Bxc6 Bxc6 {[%clk 0:58:36]} 8. d3 {[%clk
0:58:21]} O-O {[%clk 0:58:23]} 9. O-O {[%clk 0:58:18]} Qd7 {[%clk 0:58:06]} 10.
Bg5 {[%clk 0:57:56]} h6 {[%clk 0:57:03]} 11. Bxe7 {[%clk 0:57:41]} Qxe7 {[%clk
0:56:57]} 12. d4 {[%clk 0:57:32]} Bxe4 {[%clk 0:56:43]} 13. Nd2 {[%clk
0:56:08]} Bg6 {[%clk 0:56:17]} 14. dxe5 {[%clk 0:55:18]} dxe5 {[%clk 0:55:58]}
15. c3 {[%clk 0:54:57]} Rad8 {[%clk 0:55:48]} 16. Qe2 {[%clk 0:54:30]} Bd3
{[%clk 0:55:38]} 17. Qe1 {[%clk 0:53:46]} Bxf1 {[%clk 0:55:21]} 18. Qxf1 {[%clk
0:53:33]} Rxd2 {[%clk 0:55:11]} 19. b4 {[%clk 0:53:06]} Rfd8 {[%clk 0:55:04]}
20. a4 {[%clk 0:52:13]} Qd6 {[%clk 0:54:55]} 21. h3 {[%clk 0:52:09]} Rd1 {[%clk
0:54:44]} 22. Rxd1 {[%clk 0:51:39]} Qxd1 {[%clk 0:54:29]} 23. Qxd1 {[%clk
0:51:25]} Rxd1+ {[%clk 0:54:24]} 24. Kh2 {[%clk 0:51:11]} Rc1 {[%clk 0:54:17]}
25. b5 {[%clk 0:50:53]} Rxc3 {[%clk 0:54:05]} 26. a5 {[%clk 0:50:38]} Ra3
{[%clk 0:53:49]} 27. b6 {[%clk 0:50:35]} cxb6 {[%clk 0:53:33]} 28. axb6 {[%clk
0:50:01]} axb6 {[%clk 0:53:25]} 29. g3 {[%clk 0:49:16]} b5 {[%clk 0:53:14]} 30.
Kg1 {[%clk 0:49:05]} b4 {[%clk 0:53:10]} 31. Kf1 {[%clk 0:49:04]} b3 {[%clk
0:53:03]} 32. Ke1 {[%clk 0:49:02]} b2 0-1

[Event "DVM U10 2016"]
[Site "Magdeburg GER"]
[Date "2016.12.27"]
[Round "1"]
[White "Miranda Martin, Pablo Mateo"]
[Black "Klühs, Gustaf"]
[Result "0-1"]
[Termination "normal"]
[Board "5.1"]
[WhiteElo "1001"]
[BlackElo "1620"]
[WhiteClock "00:01:47"]
[BlackClock "00:27:54"]
[WhiteTeam "SV 1947 Walldorf"]
[BlackTeam "SC Borussia 1920 Friedrichsfelde"]
[PlyCount "94"]
[BlackFideId "16228936"]
[EventCountry "GER"]
[EventRounds "7"]
[EventType "team-swiss"]
[EventDate "2016.12.27"]

1. e4 {[%clk 0:59:58]} c5 {[%clk 0:59:56]} 2. Nf3 {[%clk 0:59:49]} Nc6 {[%clk
0:59:51]} 3. d4 {[%clk 0:59:35]} cxd4 {[%clk 0:59:44]} 4. Nxd4 {[%clk 0:59:20]}
Nf6 {[%clk 0:59:35]} 5. Nc3 {[%clk 0:59:09]} e5 {[%clk 0:59:29]} 6. Ndb5 {[%clk
0:58:55]} d6 {[%clk 0:59:22]} 7. Bg5 {[%clk 0:57:06]} a6 {[%clk 0:59:12]} 8.
Na3 {[%clk 0:56:54]} b5 {[%clk 0:59:01]} 9. Naxb5 {[%clk 0:55:19]} axb5 {[%clk
0:58:45]} 10. Bxb5 {[%clk 0:54:58]} Bd7 {[%clk 0:58:29]} 11. O-O {[%clk
0:53:48]} h6 {[%clk 0:58:14]} 12. Bh4 {[%clk 0:53:00]} g5 {[%clk 0:57:11]} 13.
Bg3 {[%clk 0:52:46]} Nd4 {[%clk 0:56:23]} 14. Bc4 {[%clk 0:52:18]} Be7 {[%clk
0:53:31]} 15. Re1 {[%clk 0:50:19]} O-O {[%clk 0:52:44]} 16. Nd5 {[%clk
0:48:44]} Nxd5 {[%clk 0:52:05]} 17. Bxd5 {[%clk 0:48:32]} Bc6 {[%clk 0:50:30]}
18. Bc4 {[%clk 0:47:32]} Rb8 {[%clk 0:48:13]} 19. c3 {[%clk 0:46:13]} Nb5
{[%clk 0:47:21]} 20. h3 {[%clk 0:41:53]} Nc7 {[%clk 0:45:53]} 21. Bb3 {[%clk
0:40:48]} Bd7 {[%clk 0:44:42]} 22. Qh5 {[%clk 0:38:54]} Kg7 {[%clk 0:44:26]}
23. Qe2 {[%clk 0:36:17]} Be6 {[%clk 0:43:20]} 24. Bxe6 {[%clk 0:30:07]} Nxe6
{[%clk 0:43:04]} 25. b3 {[%clk 0:29:46]} Bf6 {[%clk 0:41:14]} 26. Rac1 {[%clk
0:28:42]} Qa5 {[%clk 0:40:14]} 27. Qb2 {[%clk 0:26:27]} Ra8 {[%clk 0:39:04]}
28. a4 {[%clk 0:25:59]} Rfb8 {[%clk 0:38:24]} 29. Re2 {[%clk 0:24:02]} Ra7
{[%clk 0:37:18]} 30. Qc2 {[%clk 0:23:28]} Qa6 {[%clk 0:36:48]} 31. Rb1 {[%clk
0:22:25]} Rc7 {[%clk 0:34:27]} 32. Rd2 {[%clk 0:21:07]} Rbc8 {[%clk 0:33:55]}
33. c4 {[%clk 0:20:20]} Nd4 {[%clk 0:33:35]} 34. Qd3 {[%clk 0:19:57]} Rb7
{[%clk 0:33:13]} 35. Rdb2 {[%clk 0:19:30]} Rcb8 {[%clk 0:31:40]} 36. Qc3 {[%clk
0:16:16]} Rxb3 {[%clk 0:31:06]} 37. Qd2 {[%clk 0:14:39]} Qxa4 {[%clk 0:30:33]}
38. f4 {[%clk 0:12:34]} Rxb2 {[%clk 0:30:04]} 39. Rxb2 {[%clk 0:11:04]} Qa1+
{[%clk 0:29:52]} 40. Kh2 {[%clk 0:10:00]} Rxb2 {[%clk 0:29:50]} 41. Qc3 {[%clk
0:09:25]} Qa2 {[%clk 0:29:27]} 42. Kh1 Rxg2 {[%clk 0:28:42]} 43. fxe5 {[%clk
0:07:03]} Bxe5 {[%clk 0:28:10]} 44. Bxe5+ {[%clk 0:06:18]} dxe5 {[%clk
0:28:04]} 45. Qb2 {[%clk 0:02:10]} Qxb2 {[%clk 0:27:58]} 46. h4 {[%clk
0:02:01]} Rh2+ {[%clk 0:27:54]} 47. Kg1 {[%clk 0:01:47]} Qf2# 0-1

[Event "DVM U10 2016"]
[Site "Magdeburg GER"]
[Date "2016.12.27"]
[Round "1"]
[White "Zielke, Ansgar"]
[Black "Kögel, Fabio"]
[Result "1-0"]
[Termination "normal"]
[Board "5.2"]
[WhiteElo "1356"]
[BlackElo "989"]
[WhiteClock "00:40:44"]
[BlackClock "00:37:42"]
[WhiteTeam "SC Borussia 1920 Friedrichsfelde"]
[BlackTeam "SV 1947 Walldorf"]
[PlyCount "57"]
[WhiteFideId "16244800"]
[EventCountry "GER"]
[EventRounds "7"]
[EventType "team-swiss"]
[EventDate "2016.12.27"]

1. d4 {[%clk 0:59:59]} d5 {[%clk 0:59:59]} 2. c4 {[%clk 0:59:57]} c6 {[%clk
0:59:56]} 3. Nc3 {[%clk 0:59:42]} Nf6 {[%clk 0:59:34]} 4. Nf3 {[%clk 0:59:34]}
Bg4 {[%clk 0:59:20]} 5. Bg5 {[%clk 0:58:30]} e6 {[%clk 0:58:26]} 6. e3 {[%clk
0:57:56]} h6 {[%clk 0:58:14]} 7. Bh4 {[%clk 0:57:45]} Bb4 {[%clk 0:57:35]} 8.
a3 {[%clk 0:57:21]} Bxc3+ {[%clk 0:57:07]} 9. bxc3 {[%clk 0:57:12]} O-O {[%clk
0:56:01]} 10. Be2 {[%clk 0:56:53]} Qa5 {[%clk 0:54:44]} 11. Qc2 {[%clk
0:56:23]} Ne4 {[%clk 0:54:05]} 12. Be7 {[%clk 0:51:17]} Re8 {[%clk 0:52:26]}
13. Bb4 {[%clk 0:51:04]} Qa6 {[%clk 0:51:51]} 14. cxd5 {[%clk 0:50:35]} Qb6
{[%clk 0:50:48]} 15. Qxe4 {[%clk 0:50:24]} Na6 {[%clk 0:49:17]} 16. Qxg4 {[%clk
0:50:03]} Nxb4 {[%clk 0:48:33]} 17. cxb4 {[%clk 0:49:52]} cxd5 {[%clk 0:48:07]}
18. O-O {[%clk 0:49:38]} f5 {[%clk 0:47:21]} 19. Qg3 {[%clk 0:49:22]} a5 {[%clk
0:46:05]} 20. bxa5 {[%clk 0:49:09]} Rxa5 {[%clk 0:44:42]} 21. Ne5 {[%clk
0:48:05]} Qb2 {[%clk 0:44:03]} 22. Bh5 {[%clk 0:47:42]} Rc8 {[%clk 0:42:57]}
23. Qg6 {[%clk 0:46:24]} Ra6 {[%clk 0:41:10]} 24. Qf7+ {[%clk 0:43:38]} Kh8
{[%clk 0:40:45]} 25. Rab1 {[%clk 0:43:07]} Qxa3 {[%clk 0:39:58]} 26. Rxb7
{[%clk 0:42:40]} Rg8 {[%clk 0:39:22]} 27. Ng6+ {[%clk 0:41:09]} Kh7 {[%clk
0:38:53]} 28. Ne7 {[%clk 0:40:59]} Qd3 {[%clk 0:37:42]} 29. Qxg8# {[%clk
0:40:44]} 1-0

[Event "DVM U10 2016"]
[Site "Magdeburg GER"]
[Date "2016.12.27"]
[Round "1"]
[White "Neumann, Jasper"]
[Black "Storz, Leonard"]
[Result "0-1"]
[Termination "normal"]
[Board "5.4"]
[WhiteElo "1011"]
[BlackElo "767"]
[WhiteClock "00:45:58"]
[BlackClock "00:39:03"]
[WhiteTeam "SC Borussia 1920 Friedrichsfelde"]
[BlackTeam "SV 1947 Walldorf"]
[PlyCount "136"]
[BlackFideId "16247400"]
[EventCountry "GER"]
[EventRounds "7"]
[EventType "team-swiss"]
[EventDate "2016.12.27"]

1. e4 {[%clk 0:59:58]} e5 {[%clk 0:59:55]} 2. Nf3 {[%clk 0:59:52]} Nc6 {[%clk
0:59:44]} 3. Nc3 {[%clk 0:59:48]} Nf6 {[%clk 0:59:34]} 4. d3 {[%clk 0:59:43]}
Bc5 {[%clk 0:59:16]} 5. Nxe5 {[%clk 0:59:28]} Nxe5 {[%clk 0:58:43]} 6. d4
{[%clk 0:59:21]} Bxd4 {[%clk 0:58:26]} 7. Qxd4 {[%clk 0:59:10]} d6 {[%clk
0:58:10]} 8. Bg5 {[%clk 0:59:01]} h6 {[%clk 0:57:41]} 9. Bh4 {[%clk 0:58:52]}
g5 {[%clk 0:57:10]} 10. Bg3 {[%clk 0:58:46]} Qe7 {[%clk 0:56:14]} 11. Bxe5
{[%clk 0:58:11]} dxe5 {[%clk 0:55:44]} 12. Bc4 {[%clk 0:57:46]} Be6 {[%clk
0:55:20]} 13. Bxe6 {[%clk 0:57:26]} Qxe6 {[%clk 0:55:13]} 14. Nb5 {[%clk
0:57:20]} Qc6 {[%clk 0:53:22]} 15. Qd3 {[%clk 0:56:58]} Qc5 {[%clk 0:52:52]}
16. O-O {[%clk 0:56:42]} O-O-O {[%clk 0:52:32]} 17. Qb3 {[%clk 0:56:31]} Nxe4
{[%clk 0:51:48]} 18. Rfd1 {[%clk 0:56:13]} Rxd1+ {[%clk 0:51:29]} 19. Rxd1
{[%clk 0:56:05]} Qxf2+ {[%clk 0:51:16]} 20. Kh1 {[%clk 0:55:55]} Rd8 {[%clk
0:50:30]} 21. Rxd8+ {[%clk 0:55:33]} Kxd8 {[%clk 0:50:20]} 22. Qd5+ {[%clk
0:55:24]} Ke8 {[%clk 0:49:55]} 23. Nxc7+ {[%clk 0:55:02]} Kf8 {[%clk 0:49:23]}
24. Qd1 {[%clk 0:54:31]} g4 {[%clk 0:48:45]} 25. Qg1 {[%clk 0:54:14]} Qxg1+
{[%clk 0:48:20]} 26. Kxg1 {[%clk 0:54:05]} Nc5 {[%clk 0:46:42]} 27. Nb5 {[%clk
0:53:54]} a6 {[%clk 0:46:35]} 28. b4 {[%clk 0:53:44]} axb5 {[%clk 0:46:21]} 29.
bxc5 {[%clk 0:53:31]} Ke7 {[%clk 0:46:11]} 30. Kf2 {[%clk 0:53:22]} Ke6 {[%clk
0:45:55]} 31. Kg3 {[%clk 0:53:12]} Kd5 {[%clk 0:45:44]} 32. Kxg4 Kxc5 {[%clk
0:45:33]} 33. Kf3 {[%clk 0:52:54]} Kd4 {[%clk 0:45:15]} 34. Ke2 {[%clk
0:52:46]} Kc3 {[%clk 0:45:03]} 35. Kd1 {[%clk 0:52:37]} e4 {[%clk 0:44:29]} 36.
g4 {[%clk 0:52:31]} e3 {[%clk 0:44:21]} 37. h4 f6 38. a3 {[%clk 0:51:58]} e2+
{[%clk 0:44:09]} 39. Kxe2 {[%clk 0:51:47]} Kxc2 {[%clk 0:44:00]} 40. Ke3 {[%clk
0:51:29]} Kb2 {[%clk 0:43:54]} 41. Kf4 {[%clk 0:51:21]} Kxa3 {[%clk 0:43:46]}
42. Kf5 {[%clk 0:51:15]} b4 {[%clk 0:43:39]} 43. Kxf6 {[%clk 0:51:10]} b3
{[%clk 0:43:32]} 44. g5 {[%clk 0:51:07]} hxg5 {[%clk 0:43:23]} 45. hxg5 {[%clk
0:50:57]} b2 {[%clk 0:43:14]} 46. g6 {[%clk 0:50:51]} b1=Q 47. g7 Qg1 {[%clk
0:42:47]} 48. Kf7 {[%clk 0:50:44]} b5 {[%clk 0:42:41]} 49. g8=Q Qxg8+ {[%clk
0:42:34]} 50. Kxg8 {[%clk 0:50:16]} b4 {[%clk 0:42:28]} 51. Kf7 {[%clk
0:50:11]} b3 {[%clk 0:42:23]} 52. Ke6 {[%clk 0:50:06]} b2 {[%clk 0:42:12]} 53.
Kd5 {[%clk 0:50:03]} b1=Q {[%clk 0:41:43]} 54. Kd4 {[%clk 0:49:59]} Qc2 {[%clk
0:41:38]} 55. Kd5 {[%clk 0:49:51]} Qc3 {[%clk 0:41:32]} 56. Ke4 {[%clk
0:49:45]} Qd2 {[%clk 0:41:23]} 57. Ke5 {[%clk 0:49:32]} Qd3 {[%clk 0:41:14]}
58. Kf4 {[%clk 0:49:11]} Qe2 {[%clk 0:40:58]} 59. Kf5 {[%clk 0:49:01]} Qe3
{[%clk 0:40:52]} 60. Kg4 {[%clk 0:48:56]} Qf2 {[%clk 0:40:44]} 61. Kg5 {[%clk
0:48:00]} Qf3 {[%clk 0:40:34]} 62. Kh6 {[%clk 0:47:53]} Qg4 {[%clk 0:40:26]}
63. Kh7 {[%clk 0:47:43]} Kb3 {[%clk 0:40:13]} 64. Kh6 {[%clk 0:47:35]} Kc4
{[%clk 0:40:00]} 65. Kh7 {[%clk 0:47:31]} Kd5 {[%clk 0:39:48]} 66. Kh8 {[%clk
0:46:34]} Ke6 {[%clk 0:39:12]} 67. Kh7 {[%clk 0:46:10]} Kf7 {[%clk 0:39:03]}
68. Kh6 {[%clk 0:45:58]} Qg6# 0-1

[Event "DVM U10 2016"]
[Site "Magdeburg GER"]
[Date "2016.12.27"]
[Round "1"]
[White "Kempe, Caius Emilian"]
[Black "Römer, Alois"]
[Result "0-1"]
[Termination "normal"]
[Board "6.2"]
[WhiteElo "1095"]
[BlackElo "1074"]
[WhiteTeam "USV TU Dresden"]
[BlackTeam "SF Brackel"]
[PlyCount "106"]
[WhiteFideId "16246861"]
[BlackFideId "16255607"]
[EventCountry "GER"]
[EventRounds "7"]
[EventType "team-swiss"]
[EventDate "2016.12.27"]

1. d4 d5 2. Bf4 Nf6 3. Nf3 c5 4. e3 Nc6 5. Nc3 Bg4 6. Be2 e6 7. h3 Bh5 8. O-O
Be7 9. Ne5 Bxe2 10. Qxe2 Rc8 11. Rac1 O-O 12. Ng4 cxd4 13. exd4 Nxd4 14. Qd3
Nc6 15. Qg3 Kh8 16. Ne5 Nh5 17. Nxc6 Rxc6 18. Qf3 Nxf4 19. Qxf4 Bg5 20. Qg4
Bxc1 21. Rxc1 Qb6 22. Na4 Qc7 23. Qb4 Kg8 24. Nc3 Rc4 25. Qa3 a6 26. Qb3 b5 27.
Ne2 Rc8 28. Ng3 Rxc2 29. Rxc2 Qxc2 30. Qa3 Qa4 31. Qe7 Qxa2 32. Qd7 Rf8 33. Qb7
Qxb2 34. Qxa6 Qb4 35. Qa1 g6 36. Qe5 Qh4 37. Qb2 Rb8 38. Qe5 Rb7 39. Qc3 Qd8
40. Qc6 Qd7 41. Qa6 b4 42. Qa8+ Kg7 43. Qa1+ f6 44. Nf1 b3 45. Qb2 Qc6 46. Qb1
b2 47. Nd2 Qc1+ 48. Qxc1 bxc1=Q+ 49. Kh2 Qxd2 50. f3 Qf4+ 51. Kg1 Qg3 52. Kf1
Rb2 53. h4 Qf2# 0-1

[Event "DVM U10 2016"]
[Site "Magdeburg GER"]
[Date "2016.12.27"]
[Round "1"]
[White "Zabudkin, David"]
[Black "Eichner, Tim"]
[Result "0-1"]
[Termination "normal"]
[Board "6.3"]
[WhiteElo "1114"]
[BlackElo "818"]
[WhiteTeam "SF Brackel"]
[BlackTeam "USV TU Dresden"]
[PlyCount "56"]
[WhiteFideId "34605975"]
[BlackFideId "34617213"]
[EventCountry "GER"]
[EventRounds "7"]
[EventType "team-swiss"]
[EventDate "2016.12.27"]

1. e4 e5 2. Nf3 Nc6 3. Bc4 Bc5 4. Nc3 Nf6 5. d3 d6 6. Bg5 h6 7. Bh4 Be6 8. Bb3
Qd7 9. Bxf6 gxf6 10. Bxe6 fxe6 11. O-O O-O-O 12. Ne2 Rdg8 13. Ng3 h5 14. h4
Rxg3 15. d4 Rxf3 16. Qxf3 Bxd4 17. Qxf6 Rg8 18. c3 Bc5 19. Qh6 Qf7 20. a3 d5
21. exd5 exd5 22. Rac1 Ne7 23. Rce1 Nf5 24. Qd2 Nxh4 25. g3 Nf3+ 26. Kg2 Nxd2
27. Rh1 Qf3+ 28. Kh2 Qxf2+ 0-1

[Event "DVM U10 2016"]
[Site "Magdeburg GER"]
[Date "2016.12.27"]
[Round "1"]
[White "Gauer, Liam"]
[Black "Brunner, Alexander"]
[Result "0-1"]
[Termination "normal"]
[Board "7.1"]
[WhiteElo "785"]
[BlackElo "1348"]
[WhiteTeam "Hagener SV 2"]
[BlackTeam "Hagener SV 1"]
[PlyCount "64"]
[WhiteFideId "16235720"]
[BlackFideId "12965278"]
[EventCountry "GER"]
[EventRounds "7"]
[EventType "team-swiss"]
[EventDate "2016.12.27"]

1. d4 d5 2. Bf4 Nf6 3. Nc3 Bf5 4. Nb5 Na6 5. c3 e6 6. Qa4 c6 7. Na3 Nh5 8. Bd2
Bd6 9. g3 O-O 10. Qd1 Be4 11. f3 Nxg3 12. Bg2 Nxh1 13. Bxh1 Bxh2 14. Be3 Bxg1
15. Bxg1 Qh4+ 16. Kd2 Qxh1 17. fxe4 Qxe4 18. Bh2 f5 19. Be5 f4 20. Qg1 Rf7 21.
Nc2 c5 22. Rf1 b6 23. e3 fxe3+ 24. Nxe3 cxd4 25. cxd4 Rxf1 26. Qxf1 Rf8 27. Qh3
Rf2+ 28. Kc1 Nc5 29. Qh5 Nd3+ 30. Kb1 Nb4+ 31. Kc1 Nxa2+ 32. Kd1 Qb1# 0-1

[Event "DVM U10 2016"]
[Site "Magdeburg GER"]
[Date "2016.12.27"]
[Round "1"]
[White "Schlie, Johann"]
[Black "Schlie, Valentin"]
[Result "1-0"]
[Termination "normal"]
[Board "7.2"]
[WhiteElo "1368"]
[BlackElo "770"]
[WhiteTeam "Hagener SV 1"]
[BlackTeam "Hagener SV 2"]
[PlyCount "73"]
[WhiteFideId "16211596"]
[BlackFideId "16228103"]
[EventCountry "GER"]
[EventRounds "7"]
[EventType "team-swiss"]
[EventDate "2016.12.27"]

1. d4 d5 2. Nf3 Bd7 3. Bf4 Nc6 4. c4 dxc4 5. e3 Rc8 6. Bxc4 e6 7. O-O Be7 8.
Nbd2 Nf6 9. Nb3 O-O 10. Qd3 Ng4 11. h3 Nf6 12. e4 Bd6 13. e5 Nb4 14. Qe2 b5 15.
Bd3 Nbd5 16. Bh2 Nh5 17. exd6 cxd6 18. Bxd6 Re8 19. Qe4 Nhf6 20. Qh4 Rc6 21.
Bc5 h6 22. Ne5 Rc8 23. Rfc1 a6 24. Nxd7 Qxd7 25. Qg3 Nh5 26. Qe5 g6 27. Bd6 f6
28. Qh2 e5 29. Bxg6 Re6 30. Nc5 Qxd6 31. Nxe6 Qxe6 32. Bxh5 exd4 33. Rxc8+ Kh7
34. Re8 Ne7 35. Qc7 Qe1+ 36. Kh2 Kg7 37. Rxe7+ 1-0

[Event "DVM U10 2016"]
[Site "Magdeburg GER"]
[Date "2016.12.27"]
[Round "1"]
[White "Fischer, Joschua"]
[Black "Maul, Maik"]
[Result "0-1"]
[Termination "normal"]
[Board "7.3"]
[WhiteElo "600"]
[BlackElo "1356"]
[WhiteTeam "Hagener SV 2"]
[BlackTeam "Hagener SV 1"]
[PlyCount "26"]
[WhiteFideId "16268660"]
[BlackFideId "16204816"]
[EventCountry "GER"]
[EventRounds "7"]
[EventType "team-swiss"]
[EventDate "2016.12.27"]

1. d4 d5 2. Nc3 Nf6 3. Bf4 Bf5 4. e3 e6 5. Nb5 Bd6 6. Nxd6+ cxd6 7. g4 Bxg4 8.
f3 Bf5 9. Bh3 Nc6 10. Bxf5 exf5 11. Nh3 O-O 12. Qd3 Qd7 13. O-O-O Rac8 {nicht
mehr nachvollziehbar} 0-1

[Event "DVM U10 2016"]
[Site "Magdeburg GER"]
[Date "2016.12.27"]
[Round "1"]
[White "Glasmeyer, Jannis"]
[Black "Goda, Maurice"]
[Result "1-0"]
[Termination "normal"]
[Board "7.4"]
[WhiteElo "802"]
[BlackElo "600"]
[WhiteTeam "Hagener SV 1"]
[BlackTeam "Hagener SV 2"]
[PlyCount "69"]
[WhiteFideId "16231023"]
[BlackFideId "34640940"]
[EventCountry "GER"]
[EventRounds "7"]
[EventType "team-swiss"]
[EventDate "2016.12.27"]

1. d4 d5 2. Nc3 Nf6 3. Bf4 c6 4. Nf3 Bf5 5. e3 Na6 6. Bxa6 bxa6 7. Qe2 a5 8.
Qa6 Bxc2 9. Qxc6+ Nd7 10. Nxd5 Qc8 11. Qc7 Qxc7 12. Nxc7+ Kd8 13. Nxa8 Be4 14.
Nc7 f6 15. Ne6+ Ke8 16. Nxf8 Rxf8 17. Nh4 e5 18. dxe5 fxe5 19. Bg5 h6 20. Ng6
Rf5 21. Be7 Bxg2 22. Nh4 Bxh1 23. Nxf5 g6 24. Ng3 g5 25. Bd6 h5 26. Nxh1 h4 27.
h3 a4 28. b4 axb3 29. axb3 e4 30. Rxa7 g4 31. hxg4 h3 32. g5 h2 33. g6 Nf6 34.
Rf7 Ng8 35. Rf8+ 1-0

[Event "DVM U10 2016"]
[Site "Magdeburg GER"]
[Date "2016.12.27"]
[Round "1"]
[White "Wiedersich, Hendryk"]
[Black "Merdian, Nick"]
[Result "0-1"]
[Termination "normal"]
[Board "8.1"]
[WhiteElo "1374"]
[BlackElo "1115"]
[WhiteTeam "SV Dresden-Leuben"]
[BlackTeam "SC Postbauer-Heng"]
[PlyCount "56"]
[WhiteFideId "16255399"]
[BlackFideId "16255275"]
[EventCountry "GER"]
[EventRounds "7"]
[EventType "team-swiss"]
[EventDate "2016.12.27"]

1. d4 e6 2. Nc3 Bb4 3. e4 d5 4. exd5 exd5 5. Bd2 Nc6 6. Nf3 Bg4 7. h3 Bh5 8.
Be2 Nf6 9. Nb1 Bxd2+ 10. Nbxd2 O-O 11. O-O Re8 12. Bb5 Qd6 13. Bxc6 Qxc6 14. c3
Ne4 15. Qc2 Nxd2 16. Nxd2 Re6 17. Rfe1 Rg6 18. Re7 Re8 19. Rae1 Rxe7 20. Rxe7
Re6 21. Rxe6 Qxe6 22. Kh2 Qd6+ 23. g3 Qf6 24. Kg2 h6 25. Qb3 Qc6 26. f4 Qe6 27.
Nf1 Qe2+ 28. Kg1 Bf3 0-1

[Event "DVM U10 2016"]
[Site "Magdeburg GER"]
[Date "2016.12.27"]
[Round "1"]
[White "Landsgesell, Simon"]
[Black "Phan Trong, Dai"]
[Result "0-1"]
[Termination "normal"]
[Board "8.2"]
[WhiteElo "888"]
[BlackElo "1348"]
[WhiteTeam "SC Postbauer-Heng"]
[BlackTeam "SV Dresden-Leuben"]
[PlyCount "96"]
[BlackFideId "16236939"]
[EventCountry "GER"]
[EventRounds "7"]
[EventType "team-swiss"]
[EventDate "2016.12.27"]

1. e4 e5 2. Nf3 Nc6 3. Bc4 Bc5 4. d3 h6 5. O-O Nf6 6. Nc3 d6 7. h3 O-O 8. Nd2
Be6 9. Bxe6 fxe6 10. Nf3 d5 11. exd5 exd5 12. Na4 Bd6 13. Be3 b5 14. Nc3 d4 15.
Nxb5 dxe3 16. Nxd6 exf2+ 17. Rxf2 Qxd6 18. c3 Rfd8 19. Rd2 Qc5+ 20. Rf2 Qb5 21.
Qb3+ Qxb3 22. axb3 Rxd3 23. Ra6 Rd1+ 24. Rf1 Rxf1+ 25. Kxf1 Ne7 26. Nxe5 Ned5
27. c4 Nb4 28. Re6 Re8 29. Rxe8+ Nxe8 30. Nc6 Nxc6 31. Ke2 Nd4+ 32. Kd3 Nxb3
33. Kc3 Nc5 34. b4 Ne4+ 35. Kd4 N4f6 36. g4 c6 37. h4 g5 38. hxg5 hxg5 39. Ke5
Kf7 40. Kf5 Ke7 41. Ke5 Nxg4+ 42. Ke4 Ke6 43. Kf3 Ne5+ 44. Ke4 g4 45. Kf4 Kf6
46. Kg3 Kg5 47. b5 c5 48. Kh2 Nf6 0-1

[Event "DVM U10 2016"]
[Site "Magdeburg GER"]
[Date "2016.12.27"]
[Round "1"]
[White "Hentschel, Lena"]
[Black "Mikulasch, Nicole"]
[Result "1-0"]
[Termination "normal"]
[Board "8.3"]
[WhiteElo "1027"]
[BlackElo "880"]
[WhiteTeam "SV Dresden-Leuben"]
[BlackTeam "SC Postbauer-Heng"]
[PlyCount "73"]
[WhiteFideId "16240324"]
[EventCountry "GER"]
[EventRounds "7"]
[EventType "team-swiss"]
[EventDate "2016.12.27"]

1. e4 d5 2. Nf3 dxe4 3. Ng5 Nh6 4. Nxe4 Bf5 5. Nbc3 e6 6. g3 Bd6 7. Bc4 O-O 8.
d3 Ng4 9. h3 Nf6 10. Bg5 Be7 11. h4 h6 12. Bf4 Bb4 13. Qe2 Nc6 14. f3 Nd4 15.
Qd1 b5 16. Bb3 Qe7 17. a3 Bd6 18. Be3 Nh5 19. Bxd4 c5 20. Be3 a6 21. g4 Bg3+
22. Nxg3 Nxg3 23. Rh3 Nh5 24. gxf5 exf5 25. Nd5 Qe5 26. d4 Qe6 27. dxc5 Qg6 28.
Ne7+ Kh7 29. Nxg6 Kxg6 30. Qd6+ f6 31. Rh2 Rad8 32. Rg2+ Kh7 33. Qe6 Rde8 34.
Qxf5+ Kh8 35. Qxh5 Rxe3+ 36. Re2 Rxe2+ 37. Kxe2 1-0

[Event "DVM U10 2016"]
[Site "Magdeburg GER"]
[Date "2016.12.27"]
[Round "1"]
[White "Mras, Anton"]
[Black "Zöllner, Bente"]
[Result "0-1"]
[Termination "normal"]
[Board "9.1"]
[WhiteElo "921"]
[BlackElo "1402"]
[WhiteTeam "Stader SV 2"]
[BlackTeam "Stader SV 1"]
[PlyCount "72"]
[WhiteFideId "16271980"]
[BlackFideId "16230523"]
[EventCountry "GER"]
[EventRounds "7"]
[EventType "team-swiss"]
[EventDate "2016.12.27"]

1. d4 Nf6 2. Bf4 d5 3. e3 Bf5 4. Be2 e6 5. Bd3 Bxd3 6. Qxd3 Bd6 7. Bg5 Nbd7 8.
Nc3 c5 9. Nge2 O-O 10. O-O-O Qa5 11. Qb5 Qxb5 12. Nxb5 Ne4 13. Bh4 g5 14. Bg3
Bxg3 15. fxg3 Nf2 16. Rhf1 Nxd1 17. Rxd1 a6 18. Nbc3 cxd4 19. exd4 b5 20. a3
Rfc8 21. b4 Nb6 22. Kb2 Nc4+ 23. Kb3 Ne3 24. Rg1 Rc4 25. h4 gxh4 26. gxh4 Nf5
27. h5 Nxd4+ 28. Nxd4 Rxd4 29. Rh1 Rc8 30. Kb2 Kg7 31. Rh3 Rdc4 32. g4 Kh6 33.
Nb1 Rxc2+ 34. Kb3 Kg5 35. Nc3 Kxg4 36. Rh1 R8xc3# 0-1

[Event "DVM U10 2016"]
[Site "Magdeburg GER"]
[Date "2016.12.27"]
[Round "1"]
[White "Fuchs, Thomas"]
[Black "Müller-Borghardt, Jakob"]
[Result "1-0"]
[Termination "normal"]
[Board "9.2"]
[WhiteElo "1260"]
[BlackElo "825"]
[WhiteTeam "Stader SV 1"]
[BlackTeam "Stader SV 2"]
[PlyCount "47"]
[WhiteFideId "16230574"]
[EventCountry "GER"]
[EventRounds "7"]
[EventType "team-swiss"]
[EventDate "2016.12.27"]

1. d4 d5 2. c4 c6 3. Nf3 e6 4. Nc3 Bd6 5. e3 Nf6 6. Bd3 O-O 7. O-O Nbd7 8. Bd2
b6 9. Qc2 Bb7 10. Ng5 c5 11. Bxh7+ Kh8 12. Bd3 Ba6 13. b3 b5 14. cxb5 c4 15.
bxc4 dxc4 16. Bxc4 Bb7 17. e4 e5 18. dxe5 Bxe5 19. Nxf7+ Rxf7 20. Bxf7 Rc8 21.
f3 Nc5 22. Rfd1 Qd4+ 23. Kh1 Bxh2 24. Bf4 1-0

[Event "DVM U10 2016"]
[Site "Magdeburg GER"]
[Date "2016.12.27"]
[Round "1"]
[White "Rathje, Enno"]
[Black "Hinz, Paolo"]
[Result "0-1"]
[Termination "normal"]
[Board "9.3"]
[WhiteElo "840"]
[BlackElo "1157"]
[WhiteTeam "Stader SV 2"]
[BlackTeam "Stader SV 1"]
[PlyCount "86"]
[BlackFideId "16230540"]
[EventCountry "GER"]
[EventRounds "7"]
[EventType "team-swiss"]
[EventDate "2016.12.27"]

1. e4 c5 2. Bc4 d6 3. Nf3 Nf6 4. Nc3 g6 5. b3 Bg7 6. Bb2 O-O 7. d3 Nc6 8. Qd2
Bd7 9. O-O-O a6 10. Rhe1 Qc7 11. d4 b6 12. d5 Nd8 13. h3 e6 14. g4 e5 15. Qe2
Nb7 16. Bxa6 Ra7 17. Bxb7 Rxb7 18. g5 Nh5 19. Nb5 Bxb5 20. Qxb5 f6 21. gxf6
Rxf6 22. Ng5 Bh6 23. Rg1 Rb8 24. Rd2 Qe7 25. Kd1 Rff8 26. Ne6 Bxd2 27. Nxf8
Qxf8 28. Kxd2 Qxf2+ 29. Qe2 Qxg1 30. Qf3 Rf8 31. Qe2 Qf2 32. Kd1 Qxe2+ 33. Kxe2
Nf4+ 34. Ke3 Nxh3 35. a3 Rf2 36. Kd3 g5 37. b4 g4 38. bxc5 bxc5 39. a4 g3 40.
a5 g2 41. a6 g1=Q 42. a7 Rf8 43. Kc4 Ra8 0-1